000 00685nam a2200289Ia 4500
005 20260324150350.0
008 008 260324s9999 xx 000 0 eng d
020 _a9780203196717
037 _aEBOOK
040 _aCRL
040 _beng
040 _cCRL
041 _2eng
041 _aeng
084 _qCRL
100 _aMr B C Southam; B.C. Southam
_91219951
245 0 _aJane Austen
245 4 _bThe Critical Heritage Volume 1 1811-1870
260 _bTaylor and Francis
260 _c1968
365 _a
365 _b630
856 _uhttp://www.taylorfrancis.com/books/9780203196717
942 _cEBOOK
999 _c1835503
_d1835503